Sustainability and ESG in commercial property valuation and strategic advice (Record no. 121369)

MARC details
000 -LEADER
fixed length control field 02526nam a22003257a 4500
005 - DATE AND TIME OF LATEST TRANSACTION
control field 20260129165647.0
008 - FIXED-LENGTH DATA ELEMENTS--GENERAL INFORMATION
fixed length control field 230207s2021 xxk|||||o|||| 00| 0 eng d
020 ## - INTERNATIONAL STANDARD BOOK NUMBER
ISBN 9781783214532
041 ## - LANGUAGE CODE
Language code of text/sound track or separate title eng
100 ## - MAIN ENTRY--PERSONAL NAME
Personal author Parnell, Philip
110 ## - MAIN ENTRY--CORPORATE NAME
Corporate author Royal Institution of Chartered Surveyors
245 ## - TITLE STATEMENT
Title Sustainability and ESG in commercial property valuation and strategic advice
Subtitle Guidance note
Medium [Electronic resource]
260 ## - PUBLICATION INFORMATION
Place of publication London,
Publisher Royal Institution of Chartered Surveyors,
Date December 2021
300 ## - PHYSICAL DESCRIPTION
Physical description 36p.
490 ## - SERIES TITLE
Series statement RICS Guidance note
520 ## - ABSTRACT
Abstract 3rd edition, December 2021. Effective from 31 January 2022
520 ## - ABSTRACT
Abstract Superseded by 4th edition, ISBN 9781783215713 from 30 April 2026, published January 2026
520 ## - ABSTRACT
Abstract This guidance note is principally intended for valuing commercial property: non-domestic real estate that fulfils an operational or occupational purpose for business and is commonly sold or let in the market. It may also be referred to as ‘investment property’. Other asset classes such as rural, residential, public sector and infrastructure fall outside the remit of this guidance note. Valuation is a component of a wider construction and management cycle, but this guidance note does not cover life cycle considerations or circular economy principles in detail. Some ESG analysis includes detailed consideration and reporting of non-financial matters – those that cannot be measured in monetary terms. This guidance does not substantially cover ESG disclosures or reporting relating to non-financial matters. The guidance also principally refers to the valuation of individual real estate assets or groups of real estate assets, and does not cover <br/>business and corporate level sustainability, ESG and net-zero carbon strategies and factors such as carbon off-setting
650 ## - KEYWORDS
Keywords ESG
650 ## - KEYWORDS
Keywords Carbon
650 ## - KEYWORDS
Keywords Environment
650 ## - KEYWORDS
Keywords Commercial Property
651 ## - SUBJECT ADDED ENTRY--GEOGRAPHIC NAME
Geographic name International
690 ## - BROAD SUBJECT
9 (RLIN) 6273
Broad subject Valuation
700 ## - ADDED PERSONAL NAME
Added personal author Parnell, Philip
710 ## - ADDED CORPORATE NAME
Added corporate author Royal Institution of Chartered Surveyors
856 ## - ONLINE RESOURCE
Uniform Resource Identifier <a href="https://www.rics.org/content/dam/ricsglobal/documents/standards/Sustainability%20and%20ESG_3rd%20edition_standard%20-%20May%202023.pdf">https://www.rics.org/content/dam/ricsglobal/documents/standards/Sustainability%20and%20ESG_3rd%20edition_standard%20-%20May%202023.pdf</a>
Link text Available on RICS.org
856 ## - ONLINE RESOURCE
Uniform Resource Identifier <a href="http://web.archive.org/web/20220707051355/https://www.rics.org/globalassets/rics-website/media/upholding-professional-standards/regulation/valuation/sustainability-and-esg-guidance-note_december-2021_v1.pdf">http://web.archive.org/web/20220707051355/https://www.rics.org/globalassets/rics-website/media/upholding-professional-standards/regulation/valuation/sustainability-and-esg-guidance-note_december-2021_v1.pdf</a>
Public note Available on the web archive
942 ## - ADDED ENTRY ELEMENTS (KOHA)
Suppress in OPAC Do not suppress in OPAC
Holdings
Lost status Damaged status Not for loan Current library Shelving location Date acquired Total Checkouts Date last seen Price effective from Koha item type
      Virtual Online 07/02/2023   17/03/2023 07/02/2023 Online material